| 000 | 00628nam a2200181Ia 4500 | ||
|---|---|---|---|
| 008 | 090124s9999 xx 000 0 und d | ||
| 082 | _b19938 | ||
| 100 | _aदातार व्यंकटेश माधव | ||
| 245 | _a सत्संगसरिता | ||
| 250 | _a0 | ||
| 260 |
_bव्यंकटेश माधव दातार _c1936 |
||
| 300 | _a268 | ||
| 600 | _aदातार व्यंकटेश माधव | ||
| 630 | _a सत्संगसरिता | ||
| 700 | _aदातार व्यंकटेश माधव | ||
| 730 | _a सत्संगसरिता | ||
| 942 | _cBOOK | ||
| 999 |
_c90659 _d90659 |
||